MDQL
is popping MORE tags! Check the
thread
!
Quizzes
Events
Quiz Creation
Community
Videos
Private Events
Remove Ads
Sign In
Join for FREE
Feedback
Dark Mode
Quiz Categories
Sports
Geography
Music
Movies
Television
Just For Fun
Miscellaneous
History
Literature
Language
Science
Gaming
Entertainment
Religion
Holiday
For Kids
Quiz Lab
Recent
Popular Today
Quiz Kudos Today
Editor Picks
Curator Picks
Quizzes by...
Day
Popularity
Type
Ratings
Length
Year
Community
Subscriptions
Recent Discussions
Orange Saloon
Badges
Playlists
Quests
Create
Leaderboards
Showdown
Live 5
Trivia Bingo
Activity
Puzzle Library
Sporcle Events
Private Events
Virtual Trivia
Globe League
Become a Host
Pub Owners
SporcleCon
Opinionation
Our Games
Videos
Blog
Mobile Apps
Partnerships
Remove Ads and Go Orange
Feedback
Movies
Disney
Marvel Cinematic Universe
Movie Resume
Movie Titles
Oscar
Actor
Actress
Director
Pixar
Role
Movie Quotes
Movie Characters
Box Office
Nominee
Best Picture
Star Wars
James Bond
Horror Movies
Movies
Disney
Marvel Cinematic Universe
Movie Resume
Movie Titles
Oscar
Actor
Actress
Director
Pixar
Role
Movie Quotes
Movie Characters
Box Office
Nominee
Best Picture
Star Wars
James Bond
Horror Movies
Random Quiz
Search Sporcle
×
Quiz Lab
Quiz Lab
Movies
Disney
Type in answers that appear in a list
Type in answers that appear in a list
Classic
Best Score? Go Orange.
Disney Lyrics 1 Stats
Can you name the Disney Lyrics 1?
By
beyondtheriver
10m
134 Questions
189 Plays
189 Plays
189 Plays
Comments
Comments
Give Quiz Kudos
Give Quiz Kudos
-
- Ratings
hide this ad
Replay
Link that replays current quiz
Next Quiz
Link to next quiz in quiz playlist
You Got
0%
They Got
Avg Score
47%
Avg Friend Score
Upgrade to see
Score Distribution
Jump to the score distribution portion of the page
Score
0/134
Timer
10:00
0
Plays Today
% Correct
a
96.8%
a
96.8%
and
96.8%
and
96.8%
the
96.8%
the
96.8%
The
96.8%
a
96.8%
The
96.8%
you
94.2%
you
94.2%
be
83.1%
me
80.4%
can
79.4%
We
78.8%
we
78.8%
we
78.8%
is
78.3%
is
77.8%
is
77.8%
is
77.8%
What
73%
what
73%
the
72.5%
of
72%
of
72%
when
70.9%
if
70.4%
you
69.3%
I
68.3%
I
68.3%
they
62.4%
they
62.4%
they
62.4%
that
59.8%
from
59.3%
from
59.3%
not
59.3%
we
59.3%
as
57.7%
This
57.7%
like
56.6%
like
56.6%
all
52.4%
to
52.4%
% Correct
of
52.4%
at
50.3%
Now
49.7%
there's
47.1%
our
46%
them
43.9%
They're
43.4%
they're
43.4%
They're
43.4%
They're
43.4%
They're
43.4%
They're
43.4%
their
42.9%
Their
42.9%
must
38.6%
must
38.6%
feel
36%
only
34.9%
only
34.9%
Now
34.9%
even
34.4%
even
34.4%
even
34.4%
thing
32.8%
savages
32.3%
savages
32.3%
Savages
32.3%
Savages
32.3%
savages
32.3%
savages
32.3%
savages
32.3%
savages
32.3%
Savages
32.3%
Savages
32.3%
which
31.7%
war
31.7%
war
31.7%
drums
31.2%
drums
31.2%
good
30.7%
said
30.7%
sound
30.7%
sound
30.7%
means
30.2%
expect
29.6%
% Correct
red
29.6%
barely
29.6%
human
29.6%
barely
29.6%
human
29.6%
evil
29.1%
filthy
28.6%
inside
28.6%
wonder
28%
heathens
27.5%
hide
27.5%
worse
27%
bleed
27%
even
26.5%
dead
25.9%
little
25.4%
feared
25.4%
demon
25.4%
greed
25.4%
Beneath
25.4%
milky
25.4%
emptiness
24.9%
up
24.9%
paleface
24.3%
skin's
23.8%
hellish
23.8%
devils
23.8%
Savages
23.8%
Savages
23.8%
vermin
22.2%
dirty
22.2%
drums
22.2%
Barely
21.7%
human
21.7%
sound
21.7%
war
21.7%
shore
21.2%
race
20.6%
Drive
20.1%
whole
19.6%
curse
19.6%
disgusting
16.9%
redskin
14.8%
men
14.8%
Quiz Playlist
Details
Report
Send in Message
Add To Playlist
Classic:
Type in answers that appear in a list
Last Updated: Feb 16, 2017
Quiz Scoreboard
CHALLENGE
Sign Up to Join the Scoreboard
Show All
Scores
Hide
Comments
May contain spoilers
Recently Published
Holiday 10x10 Sorting Gallery
by lukepisani3
Holiday
15m
Two Season TV Shows II
by 123Four
Television
10m
Image Sorting: Flags VI
by Barbecue
Geography
2m
More to Explore
Quiz From the Vault
Featured Blog Post
14 Easter Pick-up Lines to Find Eggs With
hide this ad
You Might Also Like...
Tags
Disney Quiz
Today's Top Quizzes in Movies
Browse Movies
hide this ad
Today's Top Quizzes in Disney
Browse Disney
Top Contributed Quizzes in Movies
1
The ultimate James Bond movie quiz
2
Find The 'Big' Movie
3
Find The 'Wild' Movie
4
Find The 'Blue' Movie
5
Movies By Plot
6
Hidden Star Wars Character II
7
Hidden Star Wars Character III
8
25 Best Actor Nominees (1990s)
9
Hidden Star Wars Character IV
10
Pick 5 Posters: Directed by Spielberg
Explore More
Trending Topics
Disney
Marvel
NBA
Harry Potter
Anime
Kpop
Crossword
WWE
Pokémon
Country
Puzzle
Song
The Office
NFL
Soccer
hide this ad
More By:
beyondtheriver
Quiz
Plays
Rating
Category
Featured
Created
Semi-Charmed Life (Clicky-oke)
627
3.80
Music
Jul 23, 2013
Disney Lyrics 1
189
5.00
Movies
Nov 11, 2011
Go to Creator's Profile
Score Distribution
Quiz Creator Spotlight
beyondtheriver
Follow
Send a Message
Quizzes Created
-
Created Quiz Play Count
-
More By This Creator
Popular Quizzes Today
1
Find the US States - No Outlines Minefield
2
Colored Red Africa Blitz
3
Find the 'City' Movie
4
5x2 Blitz: Bands
5
The Countries of the World
6
Find the Countries of Europe - No Outlines Minefield
7
Find the US States
8
US States
More Movies Quizzes
1980s Movie Definitions
Published
Trending Quizzes
Colored Red Europe Blitz I
Colored Red Africa Blitz II
Colored Red Europe Blitz II
Even More Two Season TV Shows
Colored Red Africa Blitz III
Recently Updated
March Madness Men's Triple Doubles
pecheneg
How Do You Spell That?
pecheneg
Godzilla Movies
pecheneg
Grab Bag: 4-10 Letters
pecheneg
2024 March Madness Bracket
pecheneg
Famous TV Couples
Peacemaker
Champions League XIs: Real Madrid
pecheneg
Largest US Cities 1790-2010
pecheneg
Rides in Walt Disney World
pecheneg
Most Oscar Losses (Acting)
pecheneg
Trending Topics
Kpop
Harry Potter
Crossword
Disney
Anime
Marvel
NBA
Puzzle
WWE
NFL
Pokémon
Song
Country
The Office
Soccer
Your Account Isn't Verified!
In order to create a playlist on Sporcle, you need to verify the email address you used during registration. Go to your
Sporcle Settings
to finish the process.
Report this User
Report this user for behavior that violates our
Community Guidelines
.
Details:
Send Report
Go to the Sporcle.com Mobile Site →
Comments